The innovation secrets of Steve Jobs : (Record no. 50870)

MARC details
000 -LEADER
fixed length control field 01417nam a22003257a 4500
005 - DATE AND TIME OF LATEST TRANSACTION
control field 20110303115126.0
010 ## - LCCN (DPL NO)
LC control number ENG-102079 B-454095
020 ## - INTERNATIONAL STANDARD BOOK NUMBER
International Standard Book Number 9780071074339
Terms of availability 295.00
020 ## - INTERNATIONAL STANDARD BOOK NUMBER
International Standard Book Number 0071074333
Terms of availability 295.00
035 ## - SYSTEM CONTROL NUMBER
System control number EN-85612 B-454095
037 ## - SOURCE OF ACQUISITION
Source of stock number/acquisition DBAD/PUB
037 ## - SOURCE OF ACQUISITION
Source of stock number/acquisition RBC/Ven
082 00 - DEWEY DECIMAL CLASSIFICATION NUMBER
Classification number 658.4063
Edition number 22
100 1# - MAIN ENTRY--PERSONAL NAME
Personal name Gallo, Carmine
245 14 - TITLE STATEMENT
Title The innovation secrets of Steve Jobs :
Remainder of title insanely different : principles for breakthrough success /
Statement of responsibility, etc by Carmine Gallo
260 ## - PUBLICATION, DISTRIBUTION, ETC. (IMPRINT)
Place of publication, distribution, etc New Delhi
Name of publisher, distributor, etc Tata McGraw-Hill
Date of publication, distribution, etc c2011
270 ## - ADDRESS
Address 7, West Patel Nagar
City New Delhi
Postal code 110008
300 ## - PHYSICAL DESCRIPTION
Extent xiii, 241 p.
Dimensions 24 cm (pbk)
500 ## - GENERAL NOTE
General note Includes index.
600 10 - SUBJECT ADDED ENTRY--PERSONAL NAME
Personal name Jobs, Steven
Dates associated with a name 1955-
650 #0 - SUBJECT ADDED ENTRY--TOPICAL TERM
Topical term or geographic name as entry element New products.
650 #0 - SUBJECT ADDED ENTRY--TOPICAL TERM
Topical term or geographic name as entry element Creative thinking.
650 #0 - SUBJECT ADDED ENTRY--TOPICAL TERM
Topical term or geographic name as entry element Technological innovations.
650 #0 - SUBJECT ADDED ENTRY--TOPICAL TERM
Topical term or geographic name as entry element Success in business.
942 ## - ADDED ENTRY ELEMENTS (KOHA)
Source of classification or shelving scheme Dewey Decimal Classification
Item type English Books
Classification part 658.4063
Call number suffix GAL
Holdings
Withdrawn status Lost status Not for loan Collection code Home library Current library Date acquired Source of acquisition Cost, normal purchase price Full call number Barcode Copy number Cost, replacement price Koha item type
      Non-fiction Central Library Central Library 21/03/2012 RBC/26924/19.11.2011/07/15.09.2011/30.11.2011 295.00 658.4063 GAL B-454095 1   English Books
    Not For Loan Non-fiction D.B.Act.Division D.B.Act.Division 03/03/2011 DBAD/PUB 295.00 658.4063 GAL EN-85612 1 295.00 English Books

© Delhi Public Library
Hit Counter
free hit counter